Situación y perspectivas de las relaciones comerciales entre Rusia y América Latina /

El texto lo escribe Lev Klochkovsky miembro de la CEPAL, expresa algunas opiniones que pueden no coincidir con las de la organización. Los temas principales tratados en el texto se desarrollan en siete apartados, a saber: Introducción. Dinámica y estructura de las relaciones comerciales entre Rusia...

Fuld beskrivelse

Guardado en:
Bibliografiske detaljer
Hovedforfatter: Klochkovsky, Lev
Institution som forfatter: CEPAL
Format: Texto
Sprog:Spanish
Udgivet: Chile: CEPAL, 1994
Fag:
Tags: Tilføj Tag
Ingen Tags, Vær først til at tagge denne postø!

MARC

LEADER 00000 a a2200000 04500
001 38973
003 cru CIDCACS/IIS
005 20230613140208.0
008 230313b1994 cl ||||| |||| 00| 0 spa d
020 |a 94-8-1098 
040 |c cru IIS  |d cru IIS 
090 |a 01.02.01 C733s  
100 |a Klochkovsky, Lev  
110 |a CEPAL  
245 |a Situación y perspectivas de las relaciones comerciales entre Rusia y América Latina /  |c Lev Klochkovsky y CEPAL 
260 |a Chile:  |b CEPAL,  |c 1994 
300 |a 38 p.  
520 |a El texto lo escribe Lev Klochkovsky miembro de la CEPAL, expresa algunas opiniones que pueden no coincidir con las de la organización. Los temas principales tratados en el texto se desarrollan en siete apartados, a saber: Introducción. Dinámica y estructura de las relaciones comerciales entre Rusia y América Latina. Tendencias principales de las regulaciones del comercio exterior ruso y sus vinculaciones comerciales con América Latina. El mercado ruso: nuevas condiciones y posibilidades para los países latinoamericanos. Problemas de competitividad de los productos rusos en el mercado latinoamericano. Perspectivas y vías de activación del comercio ruso-latinoamericano. Conclusiones y recomendaciones  
650 |a ASPECTOS ECONOMICOS  
650 |a RELACIONES ECONOMICAS  
650 |a RELACIONES COMERCIALES  
650 |a POLITICAS COMERCIALES  
650 |a ASPECTOS FINANCIEROS  
650 |a AMERICA LATINA  
650 |a RUSIA  
650 |a ESTADISTICAS ECONOMICAS  
650 |a ESTADISTICAS FINANCIERAS  
942 |2 ddc  |c LITG 
999 |c 13158  |d 13158